Prime Ministers of Italy by Picture - Statistics

General Stats
  • This quiz has been taken 129 times
  • The average score is 30 of 60
Answer Stats
Picture Hint Answer % Correct
1994-1995 | 2001-2006 | 2008-2011 Silvio Berlusconi
100%
1922-1943 Benito Mussolini
94%
2022-Present Giorgia Meloni
94%
2014-2016 Matteo Renzi
88%
2018-2021 Giuseppe Conte
85%
2021-2022 Mario Draghi
85%
1963-1968 | 1974-1976 Aldo Moro
78%
1972-1973 | 1976-1979 | 1989-1992 Giulio Andreotti
76%
1983-1987 Bettino Craxi
71%
2013-2014 Enrico Letta
69%
2016-2018 Paolo Gentiloni
69%
1996-1998 | 2006-2008 Romano Prodi
69%
2011-2013 Mario Monti
67%
1861 Camillo Benso
64%
1993-1994 Carlo Azeglio Ciampi
61%
1998-2000 Massimo D'Alema
61%
1945-1953 Alcide De Gasperi
60%
1892-1893 | 1903-1905 | 1906-1909 | 1911-1914 | 1920-1921 Giovanni Giolitti
60%
1943-1944 Pietro Badoglio
60%
1979-1980 Francesco Cossiga
58%
1992-1993 | 2000-2001 Giuliano Amato
58%
1963 | 1968 Giovanni Leone
57%
1995-1996 Lamberto Dini
54%
1954 | 1958-1959 | 1960-1963 | 1982-1983 | 1987 Amintore Fanfani
51%
1987-1988 Giovanni Goria
51%
1968-1970 | 1973-1974 Mariano Rumor
47%
1981-1982 Giovanni Spadolini
44%
1906 | 1909-1910 Sidney Sonnino
44%
1945 Ferruccio Parri
43%
1917-1919 Vittorio Emanuele Orlando
43%
1957-1958 Adone Zoli
42%
1955-1957 | 1959-1960 Antonio Segni
42%
1953-1954 Giuseppe Pella
42%
1980-1981 Arnaldo Forlani
40%
1887-1891 | 1893-1896 Francesco Crispi
40%
1970-1972 Emilio Colombo
39%
1919-1920 Francesco Saverio Nitti
39%
1988-1989 Ciriaco De Mita
38%
1862-1863 Luigi Carlo Farini
36%
1954-1955 Mario Scelba
36%
1864-1866 Alfonso Ferrero La Marmora
35%
1914-1916 Antonio Salandra
35%
1960 Fernando Tambroni
35%
1921-1922 | 1944-1945 Ivanoe Bonomi
35%
1922 Luigi Facta
35%
1863-1864 | 1873-1876 Marco Minghetti
35%
1878 | 1879-1881 Benedetto Cairoli
33%
1862 | 1867 Urbano Rattazzi
33%
1876-1878 | 1878-1879 | 1881-1887 Agostino Depretis
32%
1861-1862 | 1866-1867 Bettino Ricasoli
32%
1869-1873 Giovanni Lanza
32%
1898-1900 Luigi Pelloux
32%
1867-1869 Luigi Federico Menabrea
31%
1891-1892 | 1896-1898 Antonio Starabba
29%
1910-1911 Luigi Luzzatti
29%
1905 Tommaso Tittoni
29%
1905-1906 Alessandro Fortis
28%
1900-1901 Giuseppe Saracco
28%
1901-1903 Giuseppe Zanardelli
28%
1916-1917 Paolo Boselli
26%
No matching quizzes found
Score Distribution
Percent of People with Each Score
Percentile by Number Answered
Your Score History
You have not taken this quiz